<?xml version="1.0" encoding="UTF-8"?>
<record
    xmlns:xsi="http://www.w3.org/2001/XMLSchema-instance"
    xsi:schemaLocation="http://www.loc.gov/MARC21/slim http://www.loc.gov/standards/marcxml/schema/MARC21slim.xsd"
    xmlns="http://www.loc.gov/MARC21/slim">

  <leader>03461nam a2200529Ia 4500</leader>
  <controlfield tag="001">1700</controlfield>
  <controlfield tag="008">241029s9999    xx            000 0 und d</controlfield>
  <datafield tag="010" ind1=" " ind2=" ">
    <subfield code="a">1589</subfield>
  </datafield>
  <datafield tag="041" ind1=" " ind2=" ">
    <subfield code="a">Espa&#xF1;ol</subfield>
  </datafield>
  <datafield tag="082" ind1=" " ind2=" ">
    <subfield code="a">ST MA-ES 0007 FH 2009</subfield>
  </datafield>
  <datafield tag="245" ind1=" " ind2="0">
    <subfield code="a">Desaf&#xED;o de la Educaci&#xF3;n Superior en el fortalecimiento de los valores &#xE9;ticos y morales en el profesional del Derecho, caso: Distrito Nacional, 2008.</subfield>
  </datafield>
  <datafield tag="260" ind1=" " ind2=" ">
    <subfield code="a">Santo Domingo</subfield>
  </datafield>
  <datafield tag="300" ind1=" " ind2=" ">
    <subfield code="a">83</subfield>
  </datafield>
  <datafield tag="520" ind1=" " ind2=" ">
    <subfield code="a">21</subfield>
  </datafield>
  <datafield tag="630" ind1=" " ind2=" ">
    <subfield code="a">Educaci&#xF3;n Superior</subfield>
  </datafield>
  <datafield tag="650" ind1=" " ind2=" ">
    <subfield code="a">Calidad Educativa</subfield>
  </datafield>
  <datafield tag="690" ind1=" " ind2=" ">
    <subfield code="a">Elaborado</subfield>
  </datafield>
  <datafield tag="700" ind1=" " ind2=" ">
    <subfield code="e">asesor</subfield>
    <subfield code="a"> Jim&#xE9;nez, &#xC3;&#x2030;lida</subfield>
  </datafield>
  <datafield tag="700" ind1=" " ind2=" ">
    <subfield code="e">autor</subfield>
    <subfield code="a">Candelario, Juana Mar&#xED;a</subfield>
  </datafield>
  <datafield tag="700" ind1=" " ind2=" ">
    <subfield code="e">autor</subfield>
    <subfield code="a">Rodr&#xED;guez C&#xE9;spedes, Santo </subfield>
  </datafield>
  <datafield tag="901" ind1=" " ind2=" ">
    <subfield code="a">{"1":"Candelario","2":"Rodr&#xED;guez C&#xE9;spedes"}</subfield>
    <subfield code="b">{"1":"Juana Mar&#xED;a","2":"Santo "}</subfield>
  </datafield>
  <datafield tag="902" ind1=" " ind2=" ">
    <subfield code="a">1</subfield>
  </datafield>
  <datafield tag="903" ind1=" " ind2=" ">
    <subfield code="a">{"1":" Jim&#xE9;nez"}</subfield>
    <subfield code="b">{"1":"&#xC3;&#x2030;lida"}</subfield>
  </datafield>
  <datafield tag="904" ind1=" " ind2=" ">
    <subfield code="a">Maestro en</subfield>
  </datafield>
  <datafield tag="905" ind1=" " ind2=" ">
    <subfield code="a">Ense&#xF1;anza Superior</subfield>
  </datafield>
  <datafield tag="906" ind1=" " ind2=" ">
    <subfield code="a">2</subfield>
  </datafield>
  <datafield tag="907" ind1=" " ind2=" ">
    <subfield code="a">NO APLICA</subfield>
  </datafield>
  <datafield tag="908" ind1=" " ind2=" ">
    <subfield code="a">NO APLICA</subfield>
  </datafield>
  <datafield tag="909" ind1=" " ind2=" ">
    <subfield code="a">Universidad Aut&#xF3;noma de Santo Domingo (UASD)</subfield>
  </datafield>
  <datafield tag="910" ind1=" " ind2=" ">
    <subfield code="a">NULL</subfield>
    <subfield code="b">NULL</subfield>
  </datafield>
  <datafield tag="911" ind1=" " ind2=" ">
    <subfield code="a">["1"]</subfield>
  </datafield>
  <datafield tag="912" ind1=" " ind2=" ">
    <subfield code="a">NO APLICA</subfield>
  </datafield>
  <datafield tag="913" ind1=" " ind2=" ">
    <subfield code="a">NULL</subfield>
  </datafield>
  <datafield tag="914" ind1=" " ind2=" ">
    <subfield code="a">02 de Febrero de 2009</subfield>
  </datafield>
  <datafield tag="915" ind1=" " ind2=" ">
    <subfield code="a">28/11/19 10:11</subfield>
  </datafield>
  <datafield tag="916" ind1=" " ind2=" ">
    <subfield code="a">NULL</subfield>
  </datafield>
  <datafield tag="917" ind1=" " ind2=" ">
    <subfield code="a">NULL</subfield>
  </datafield>
  <datafield tag="918" ind1=" " ind2=" ">
    <subfield code="a">NO APLICA</subfield>
  </datafield>
  <datafield tag="919" ind1=" " ind2=" ">
    <subfield code="a">["83"]</subfield>
  </datafield>
  <datafield tag="520" ind1=" " ind2=" ">
    <subfield code="a">Este estudio se plante&#xF3; como objetivo general, analizar el desaf&#xED;o que tiene la Educaci&#xF3;n Superior Dominicana, en el fortalecimiento de los valores &#xE9;ticos y morales de los profesionales del Derecho.En cuanto a la metodolog&#xED;a, la investigaci&#xF3;n fue elaborada bas&#xE1;ndose en una revisi&#xF3;n bibliogr&#xE1;fica de las teor&#xED;as y posterior an&#xE1;lisis de fuentes primarias. En cuanto al tipo de investigaci&#xF3;n, fue descriptiva y de tipo cualitativa. Las t&#xE9;cnicas utilizadas fueron la revisi&#xF3;n documental, la encuesta y la entrevista. Se trabaj&#xF3; con una muestra aleatoria de diez (10) abogados y veinte (20) estudiantes de Derecho.El estudio concluy&#xF3; que el proceso de ense&#xF1;anza-aprendizaje en valores que se lleva a cabo en las aulas de las Universidades estudiadas, se encuentran muy lejos de lo que la realidad educativa de nuestros tiempos y de todos los tiempos, demanda y requiere.&#xA0;Es alarmante que el 30% de la muestra expres&#xF3; que el desempe&#xF1;o del abogado es malo y un 60% dijo que es bueno entre comillas. Adicional a esto, los estudiantes reconocen que hay una terrible ausencia de valores en el mismo Sistema Universitario.Las principales recomendaciones que plantea el estudio son: revisar los contenidos program&#xE1;ticos de las materias de &#xC9;tica Profesional, Deontolog&#xED;a Jur&#xED;dica y &#xC9;tica Jur&#xED;dica. Se propuso actualizar los procesos evaluativos y los recursos pedag&#xF3;gicos y que las Universidades, en coordinaci&#xF3;n con el Ministerio de Estado de Educaci&#xF3;n Superior, los Tribunales Judiciales coordinados por la Suprema Corte de Justicia, el Ministerio P&#xFA;blico coordinado por el Procurador General de la Rep&#xFA;blica, puedan implementar e introducir la pasant&#xED;a obligatoria durante el &#xFA;ltimo a&#xF1;o de la carrera de Derecho. Adem&#xE1;s, se recomend&#xF3; redise&#xF1;ar los programas de estudio de la carrera de Derecho y, en general, teniendo como eje transversal la educaci&#xF3;n en valores, fomentar el Sistema Educativo en torno a este objetivo principal, para que pueda hablarse de una verdadera cultura en valores.</subfield>
  </datafield>
  <datafield tag="921" ind1=" " ind2=" ">
    <subfield code="a">16</subfield>
  </datafield>
  <datafield tag="922" ind1=" " ind2=" ">
    <subfield code="a">16</subfield>
  </datafield>
  <datafield tag="923" ind1=" " ind2=" ">
    <subfield code="a">0</subfield>
  </datafield>
  <datafield tag="924" ind1=" " ind2=" ">
    <subfield code="a">NO APLICA</subfield>
  </datafield>
  <datafield tag="942" ind1=" " ind2=" ">
    <subfield code="c">Tesis</subfield>
  </datafield>
  <datafield tag="999" ind1=" " ind2=" ">
    <subfield code="c">1589</subfield>
    <subfield code="d">1589</subfield>
  </datafield>
</record>
